Eastern Utah Libraries Catalog: Duchesne, Heber, Roosevelt, & Vernal

The girl from Widow Hills (Record no. 351575)

MARC details
000 -LEADER
fixed length control field 02434cim a22005534i 4500
001 - CONTROL NUMBER
control field sky299951297
003 - CONTROL NUMBER IDENTIFIER
control field SKY
005 - DATE AND TIME OF LATEST TRANSACTION
control field 20200708105911.0
007 - PHYSICAL DESCRIPTION FIXED FIELD--GENERAL INFORMATION
fixed length control field sd fsngnnmmned
008 - FIXED-LENGTH DATA ELEMENTS--GENERAL INFORMATION
fixed length control field 200417s2020 nyunnnne f n eng d
020 ## - INTERNATIONAL STANDARD BOOK NUMBER
International Standard Book Number 9781797105888
020 ## - INTERNATIONAL STANDARD BOOK NUMBER
International Standard Book Number 1797105884
028 42 - PUBLISHER NUMBER
Publisher number 12591291
037 ## - SOURCE OF ACQUISITION
Stock number 60dmuj
Source of stock number/acquisition Blackstone Publishing
037 ## - SOURCE OF ACQUISITION
Stock number 40dmuj
Source of stock number/acquisition Blackstone Publishing
040 ## - CATALOGING SOURCE
Original cataloging agency TOH
Language of cataloging eng
Description conventions rda
Transcribing agency TOH
Modifying agency TEF
-- BLACP
-- LE@
-- OCLCF
-- E3V
-- SKYRV
-- CoBoFLC
050 #4 - LIBRARY OF CONGRESS CALL NUMBER
Classification number PS3613.I755
Item number G57 2020ab
082 04 - DEWEY DECIMAL CLASSIFICATION NUMBER
Classification number 813/.6
Edition number 23
092 ## - LOCALLY ASSIGNED DEWEY CALL NUMBER (OCLC)
Classification number CD Miranda
100 1# - MAIN ENTRY--PERSONAL NAME
Personal name Miranda, Megan,
Relator term author.
9 (RLIN) 5683748
245 14 - TITLE STATEMENT
Title The girl from Widow Hills
Medium [compact disc] :
Remainder of title a novel /
Statement of responsibility, etc Megan Miranda.
250 ## - EDITION STATEMENT
Edition statement Unabridged.
264 #1 - Production, Publication, Distribution, Manufacture, and Copyright Notice.
Place of production, publication, distribution, manufacture [New York] :
Name of producer, publisher, distributor, manufacturer Simon & Schuster Audio,
Date of production, publication, distribution, manufacture, or copyr [2020]
300 ## - PHYSICAL DESCRIPTION
Extent 8 audio discs (approximately 10 hr.) :
Other physical details CD audio, digital ;
Dimensions 4 3/4 in.
306 ## - PLAYING TIME
Playing time 100000.
336 ## - Content Type
Content type term spoken word
337 ## - Media type
Media type term audio
338 ## - Carrier type
Carrier type term audio disc
500 ## - GENERAL NOTE
General note Title from web page.
500 ## - GENERAL NOTE
General note Compact discs.
511 1# - PARTICIPANT OR PERFORMER NOTE
Participant or performer note Read by Rebekkah Ross.
520 ## - SUMMARY, ETC.
Summary, etc Now a young woman living hundreds of miles away, Arden goes by Olivia. She's managed to stay off the radar for the last few years. But with the twentieth anniversary of her rescue approaching, the media will inevitably renew its interest in Arden. Where is she now? Soon Olivia feels like she's being watched and begins sleepwalking again, like she did long ago, even waking outside her home. Until late one night she jolts awake in her yard. At her feet is the corpse of a man she knows, from her previous life, as Arden Maynor.
650 #0 - SUBJECT ADDED ENTRY--TOPICAL TERM
Topical term or geographic name as entry element Sleepwalking
Form subdivision Fiction.
9 (RLIN) 5762172
650 #0 - SUBJECT ADDED ENTRY--TOPICAL TERM
Topical term or geographic name as entry element Psychic trauma
Form subdivision Fiction.
9 (RLIN) 5706116
650 #0 - SUBJECT ADDED ENTRY--TOPICAL TERM
Topical term or geographic name as entry element Stalking victims
Form subdivision Fiction.
9 (RLIN) 5708691
650 #0 - SUBJECT ADDED ENTRY--TOPICAL TERM
Topical term or geographic name as entry element Life change events
Form subdivision Fiction.
9 (RLIN) 5674438
650 #0 - SUBJECT ADDED ENTRY--TOPICAL TERM
Topical term or geographic name as entry element Storms
Form subdivision Fiction.
9 (RLIN) 5674589
655 #7 - INDEX TERM--GENRE/FORM
Genre/form data or focus term Audiobooks.
Source of term fast
9 (RLIN) 6364946
655 #7 - INDEX TERM--GENRE/FORM
Genre/form data or focus term Thrillers (Fiction)
Source of term fast
9 (RLIN) 5697221
655 #7 - INDEX TERM--GENRE/FORM
Genre/form data or focus term Suspense fiction.
Source of term gsafd.
9 (RLIN) 6364947
655 #7 - INDEX TERM--GENRE/FORM
Genre/form data or focus term Horror fiction.
Source of term lcgft.
9 (RLIN) 6364948
655 #7 - INDEX TERM--GENRE/FORM
Genre/form data or focus term Psychological fiction.
Source of term lcgft.
9 (RLIN) 5673631
655 #7 - INDEX TERM--GENRE/FORM
Genre/form data or focus term Audiobooks.
Source of term lcgft.
9 (RLIN) 6364946
655 #7 - INDEX TERM--GENRE/FORM
Genre/form data or focus term Thrillers (Fiction)
Source of term lcgft.
9 (RLIN) 5697221
655 #7 - INDEX TERM--GENRE/FORM
Genre/form data or focus term Sound recording.
Source of term local.
9 (RLIN) 5677067
700 1# - ADDED ENTRY--PERSONAL NAME
Personal name Ross, Rebekkah,
Dates associated with a name 1975-
Relator term narrator.
9 (RLIN) 6034884
907 ## - LOCAL DATA ELEMENT G, LDG (RLIN)
a .b421848753
942 ## - ADDED ENTRY ELEMENTS (KOHA)
Source of classification or shelving scheme Dewey Decimal Classification
Koha item type Audiobook on CD
Holdings
Withdrawn status Lost status Source of classification or shelving scheme Materials specified (bound volume or other part) Damaged status Not for loan Collection code Home library Current library Shelving location Date acquired Source of acquisition Total Checkouts Full call number Barcode Date last seen Date checked out Cost, replacement price Price effective from Koha item type
    Dewey Decimal Classification 8 discs     Audiobooks Wasatch County Library Wasatch County Library Second Floor 07/08/2020 Micromarketing 1 CD Miranda 34301001692161 06/05/2025 05/20/2025 29.99 07/08/2020 Audiobook on CD
This project was made possible through a grant from the Institute of Museum and Library Service administered by the Utah State Library Division.

Wasatch County Library

  • 465 East 1200 South, Heber City, Utah 84032
  • Phone 435-654-1511 | Fax 435-654-6456

Hours

  • Monday - Friday 9:30 AM - 8:00 PM
  • Saturday 9:30 AM - 1:30 PM
  • Closed Sundays and Holidays